000 00317nam a2200109Ia 4500
008 220216s9999 xx 000 0 und d
100 _aNoronha Ernesto
245 0 _aGlobalisation : The impact on port and dock workers in India
260 _bIndian Journal of Labour Economics
_c2003
300 _a611-621
942 _cJS
999 _c59993
_d59993